Weed management for developing countries (Record no. 48492)

MARC details
000 -LEADER
fixed length control field 00522nam a22001697a 4500
008 - FIXED-LENGTH DATA ELEMENTS--GENERAL INFORMATION
fixed length control field 101209t xxu||||| |||| 00| 0 eng d
020 ## - INTERNATIONAL STANDARD BOOK NUMBER
International Standard Book Number 92-5-103427-3
040 ## - CATALOGING SOURCE
Original cataloging agency BIDOC
041 ## - LANGUAGE CODE
Language code of text/sound track or separate title En
100 ## - MAIN ENTRY--PERSONAL NAME
Personal name LABRADA, R. ; et. al.
9 (RLIN) 12070
245 ## - TITLE STATEMENT
Title Weed management for developing countries
Statement of responsibility, etc / Labrada, R. ; Caseley, J.C. ; Parker, C.
300 ## - PHYSICAL DESCRIPTION
Extent xviii - 384p.
Dimensions 30 cm
653 ## - INDEX TERM--UNCONTROLLED
Uncontrolled term Plantes
-- Biologie
-- Ecologie
-- Pays développés
700 ## - ADDED ENTRY--PERSONAL NAME
Personal name Caseley, J.C.
9 (RLIN) 12071
700 ## - ADDED ENTRY--PERSONAL NAME
Personal name Parker, C.
9 (RLIN) 12072
942 ## - ADDED ENTRY ELEMENTS (KOHA)
Item type Livre
Holdings
Withdrawn status Lost status Damaged status Not for loan Location (home branch) Sublocation or collection (holding branch) Date acquired Koha issues (times borrowed) Koha full call number Koha date last seen Copy number Price effective from Koha item type
        Bibliothèque-Centre de Documentation de la Faculté des Sciences Agronomiques Bibliothèque-Centre de Documentation de la Faculté des Sciences Agronomiques 09/12/2010   PV.1994.063 09/12/2010 1 09/12/2010 Livre
        Bibliothèque-Centre de Documentation de la Faculté des Sciences Agronomiques Bibliothèque-Centre de Documentation de la Faculté des Sciences Agronomiques 09/12/2010   PV.1994.063 09/12/2010 2 09/12/2010 Livre


© 2008, Bibliothèques de l'Université d'Abomey-Calavi

04 BP 789 Cotonou, Tél. : +229 21 36 01 01, Fax : +229 21 35 06 32

Courriel : bu@bu.uac.bj